Tous les départements Français - Statistiques

Statistiques générales
  • Ce quiz a été pris 204 fois
  • Le résultat moyen est 57 sur 101
Statistiques - réponses
Numéros Départements % Correct
01 Ain
97%
02 Aisne
82%
42 Loire
79%
75 Paris
76%
06 Alpes-Maritimes
75%
07 Ardèche
75%
03 Allier
71%
13 Bouches-du-Rhône
71%
2A Corse-du-Sud
71%
05 Hautes-Alpes
71%
2B Haute-Corse
69%
69 Rhône
69%
29 Finistère
68%
59 Nord
68%
68 Haut-Rhin
66%
45 Loiret
66%
67 Bas-Rhin
65%
24 Dordogne
65%
16 Charente
63%
30 Gard
63%
36 Indre
63%
33 Gironde
62%
37 Indre-et-Loire
62%
57 Moselle
62%
83 Var
62%
09 Ariège
60%
11 Aude
60%
17 Charente-Maritime
60%
25 Doubs
60%
41 Loir-et-Cher
60%
46 Lot
60%
972 Martinique
60%
62 Pas-de-Calais
60%
64 Pyrénées-Atlantiques
60%
78 Yvelines
60%
04 Alpes-de-Haute-Provence
59%
14 Calvados
59%
19 Corrèze
59%
39 Jura
59%
974 La Réunion
59%
47 Lot-et-Garonne
59%
93 Seine-Saint-Denis
59%
15 Cantal
57%
18 Cher
57%
23 Creuse
57%
27 Eure
57%
32 Gers
57%
973 Guyane
57%
74 Haute-Savoie
57%
34 Hérault
57%
38 Isère
57%
54 Meurthe-et-Moselle
57%
56 Morbihan
57%
84 Vaucluse
57%
08 Ardennes
56%
10 Aube
56%
35 Ille-et-Vilaine
56%
51 Marne
56%
21 Côte-d'Or
54%
22 Côtes-d'Armor
54%
971 Guadeloupe
54%
40 Landes
54%
44 Loire-Atlantique
54%
50 Manche
54%
66 Pyrénées-Orientales
54%
71 Saône-et-Loire
54%
73 Savoie
54%
77 Seine-et-Marne
54%
26 Drôme
53%
60 Oise
53%
81 Tarn
53%
12 Aveyron
51%
28 Eure-et-Loir
51%
55 Meuse
51%
65 Hautes-Pyrénées
50%
53 Mayenne
50%
63 Puy-de-Dôme
50%
85 Vendée
50%
79 Deux-Sèvres
49%
976 Mayotte
49%
82 Tarn-et-Garonne
49%
58 Nièvre
47%
76 Seine-Maritime
47%
89 Yonne
47%
31 Haute-Garonne
46%
43 Haute-Loire
46%
52 Haute-Marne
46%
61 Orne
46%
49 Maine-et-Loire
44%
72 Sarthe
44%
90 Territoire de Belfort
44%
86 Vienne
44%
91 Essonne
43%
92 Hauts-de-Seine
43%
80 Somme
43%
88 Vosges
43%
48 Lozère
41%
94 Val-de-Marne
38%
95 Val-d'Oise
35%
70 Haute-Saône
34%
87 Haute-Vienne
32%
Aucun quiz correspondant
Distribution des résultats
% des personnes avec chaque résultat
Percentile par nombre de réponses
Votre historique - résultats
Vous n’avez pas pris ce quiz